=LDR 00000nam 2200000 4500 =001 NUTBA000000000005443 =005 20141030094107.0 =006 =007 =008 =020 ##$$a 978-979-078-112-2 =035 ##$$a 0010-101400000000673 =040 ##$$a NBPDMAT =082 ##$$a 372.5 =090 ##$$a 372.5 $b Har s =100 ##$$a Harsini =245 ##$$a Senu budaya dan keterampilan untuk SD dan MI kelas 1 / $c Harsini ; penyunting, Rachmi Ulya, Azza Nur Laela =260 ##$$a Jakarta : $b Dian Rakyat, $c 2010 =300 ##$$a viii, 142 hlm. : $b ilus. ; $c 24 cm. =500 ##$$a Bibliografi : hlm. 142 =650 ##$$a Kesenian SD - Studi dan Pengajaran =700 ##$$a Rachmi Ulya, Azza Nur Laela =850 ##$$a NBPDMAT